000 00799nam a22001937a 4500
999 _c61586
_d61586
005 20240326142224.0
008 240326c2007 ge ||||| |||| 00| 0 geo d
022 _a1512-4207
041 _ageo
245 _aიბერია-კოლხეთი = Iberia-Colchis :
_b2007 /
_cმთ. რედ. გელა გამყრელიძე; ოთარ ლორთქიფანიძის არქეოლოგიის ცენტრი.
260 _aთბილისი,
_c2003-
300 _aV.
653 _aიბერია
653 _aკოლხეთი
653 _aარქეოლოგია
653 _aპერიოდიკა
700 _aგამყრელიძე, გელა
_eმთ. რედაქტორი
_921595
942 _2udc
_cCR